000 00469nam a22002297a 4500
003 UA-OsUOA
001 83813
007 ta
008 20120507b un ||||| |||| 00| 0 ukr d
100 _aLey W.
090 _a(031)(160.27)
942 _cBK
040 _aUA-OsUOA
_beng
_cUA-OsUOA
_dUA-OsUOA
245 _aThe Poles
300 _a192 с.
955 _a4
041 _aeng
080 _a(031)(160.27)
260 _c1963
650 7 _2UDC
999 _c370092
_d370092